000 00318 a2200133 4500
001 61673
020 _a9788121921978
082 _a428 WRE
090 _c37108
_d37108
100 _aWren P.C
245 _aHigh School English Grammar & Composition
260 _aNew Delhi
_bS.Chand & Company Ltd
_c2010
300 _a424
942 _acaenust
_k428 WRE
999 _c296746
_d296746